Koľko verzií podnikateľských plánov má mať začínajúci podnikateľ

Ak sa začínajúcemu podnikateľovi stane, že mu banka žiadosť neschváli (a zostane mu len veriť, že pre svoj projekt nájde vhodného investora), je užitočné mať pripravené rôzne verzie podnikateľského plánu, ktoré sa nelíšia v predpokladoch a východiskách podnikateľského modelu, ale sú odlišné z hľadis...

Celý popis

Uložené v:
Podrobná bibliografia
Hlavný autor: Solík, Ján
Ďalší autori: Jakubec, Vladimír
Médium: Kapitola
Jazyk:Slovak
Predmet:
Tagy: Pridať tag
Žiadne tagy, Buďte prvý, kto otaguje tento záznam!

MARC

LEADER 00000naa$a2200000$$$4500
001 0068450
005 20240502071828.2
041 0 |a slo 
044 |a SK 
245 1 0 |a Koľko verzií podnikateľských plánov má mať začínajúci podnikateľ  |c Ján Solík, Vladimír Jakubec 
520 |a Ak sa začínajúcemu podnikateľovi stane, že mu banka žiadosť neschváli (a zostane mu len veriť, že pre svoj projekt nájde vhodného investora), je užitočné mať pripravené rôzne verzie podnikateľského plánu, ktoré sa nelíšia v predpokladoch a východiskách podnikateľského modelu, ale sú odlišné z hľadiska podrobnosti informácií, ktoré v nich uvádza. Prezentácia vo výťahu, jej podoba. Ak podnikateľ zaujme potenciálneho investora, môže mu podať krátke zhrnutie svojho podnikateľského plánu. 
610 2 0 |a plán podnikateľský 
610 2 0 |a forma 
610 2 0 |a podnikatelia 
100 1 |a Solík, Ján 
700 1 |a Jakubec, Vladimír